[Event "Chess.com International"]
[Site "Isle of Man"]
[Date "2017.09.28"]
[Round "6.1"]
[White "Eljanov, Pavel"]
[Black "Carlsen, Magnus"]
[Result "0-1"]
[WhiteElo "2734"]
[BlackElo "2827"]
[EventDate "2017.??.??"]
[Annotator "Bojkov,Dejan"]
[PlyCount "58"]
[Beauty "8250632176137"]
[EventType "schev"]
[EventRounds "2"]
[EventCountry "IOM"]
[WhiteClock "0:05:16"]
[BlackClock "0:43:12"]

1.Nf3 {Carlsen: "I have prepared for 1.d4 and then he played 1.Nf3. Then I thought this is the best place to go for"} 1...b6 {None is guessing Carlsen's openings so far. The Owen defense might have come as surprise for Eljanov too. Creative players like Miles and Larsen have used it in the past, as well as players who regularly play the English defense after 1.d4.} 2.e4 Bb7 {Against 1.Nf3 the Owen is a better choice than against 1.e4. The point is that one of the best (if not the best)systems for White runs after 1.e4 b6 2.d4 Bb7 3.Bd3. White laster avoids the pin of his queenside knight and brings his pieces like that- Ng1-f3, Qd1-e2 and c2-c3. The queenside knight can maneuver via d2 to g3.} 3.Nc3 e6 4.d4 Bb4 5.Bd3 Nf6 6.Qe2 ( {Instead a future world champion played} 6.Bg5 h6 7.Bxf6 Qxf6 8.O-O Bxc3 9.bxc3 {and got some initiative after} 9...d5 ( {However} 9...d6 {seemed safer and good for Black.} ) 10.exd5 Bxd5 11.Ne5 O-O 12.Qh5 {Kramnik,V (2725)-Ehlvest,J (2600) Moscow 1994} ) 6...d5 7.exd5 ( {Black was more than happy with the opening outcome after} 7.e5 Ne4 8.Bd2 Bxc3 9.bxc3 c5 10.dxc5 Nxc5 11.h4 Nbd7 12.Rh3 Qc7 13.Kf1 Ne4 {in Bachmann,A (2646)-Donchenko,A (2563) Chartres 2017} ) 7...Qxd5 8.O-O Bxc3 9.bxc3 Nbd7 ( {White managed to convert his bishop pair after} 9...O-O 10.Re1 Nbd7 11.a4 Qh5 12.Nd2 Qxe2 13.Bxe2 Ne4 14.Nxe4 Bxe4 15.Bd1 {although at this stage of the game Black did not have much to worry about, Zhang,Z (2619) -Zvjaginsev,V (2660) Berlin 2015} ) 10.c4 Qh5 11.Bf4 Rc8 $146 ( {The only predecessor saw only one move} 11...c5 {and in the game Vukovic-Velimirovic the players split the point evenly.} ) ( {Despite the ugly pawn structure} 11...Bxf3 12.gxf3 Rc8 13.Kh1 {White has active play along the half-open files and the dagonals.} ) 12.a4 a5 {"Very abmitious move. I am hoping that the a4 pawn will become a weakness." (Carlsen)} 13.Rab1 {White wants to make something out of the position of the black queen.} ( {"At any moment here White can do"} 13.Nd2 Qxe2 14.Bxe2 {"and White is slightly better, but nothing special." (Carlsen)} ) 13...O-O 14.Rb5 ( 14.Rfe1 {makes sense too.} ) 14...c5 15.dxc5 ( {After} 15.c3 Bc6 16.Rb2 Bxa4 {Black wins a pawn.} ) ( {Carlsen believed that} 15.Bd6 Bc6 $5 {was critical. Then after} 16.Bxf8 {he was not sure what should he choose} 16...Bxb5 ( {Or} 16...Kxf8 {with a good compensation for the exchange.} ) ) 15...Rxc5 16.Bd6 Rxb5 17.cxb5 $6 {"I think he horribly misjudged the arising position. His bishop on d3 is quite bad and there are weaknesses on a4 and c2." (Carlsen)} ( {Indeed,} 17.axb5 {looks better, when after a possible} 17...Rc8 18.Ne5 Qxe2 19.Bxe2 Nxe5 20.Bxe5 Nd7 21.Bd6 {the white pawns are more dangerous than in the game.} ) 17...Rc8 ( {Once again Carlsen avoids} 17...Bxf3 18.gxf3 Rc8 19.c4 {although Black is better here as well.} ) 18.c4 Nc5 19.Bc2 Nce4 {It should have felt good to dominate on the light squares like that!} 20.Bf4 $6 {Probably missing something.} ( {Relatively best was} 20.Be5 Ng5 21.Nd4 Qxe2 22.Nxe2 Rxc4 {although Black is a solid pawn up here as well.} ) 20...Nc3 21.Qd3 ( {Or} 21.Qe3 Qg4 ( 21...Rxc4 22.Qxb6 {"is not that clear" (Carlsen)} ) 22.Qxc3 Nd5 23.h3 {And now the simple} ( {On} 23.Ne5 {the world champion was planning the neat} 23...Qxg2+ 24.Kxg2 Nxf4+ 25.Kg3 Ne2+ ) 23...Nxc3 ( {Carlsen also mentioned} 23...Qxf4 24.Qd3 Rxc4 25.Qxh7+ Kf8 ) 24.hxg4 Ne2+ 25.Kh2 Nxf4 {should be great for Black as the weaknesses on the queenside are quite painful.} ) 21...Qg4 ( {Black could have finally taken on f3} 21...Bxf3 22.gxf3 Qg6+ 23.Qxg6 hxg6 24.Bd3 Rd8 {as there is no} 25.Bc2 Ne2+ ) 22.Be5 ( {One more line given by the world champion runs} 22.Qxc3 Qxf4 23.Ne5 ( {Or} 23.Nd2 Qg5 24.f3 ) 23...Ng4 24.Nxg4 Qxg4 {with big advantage for Black. In all these lines White is left with the useless bishop.} ) 22...Qxc4 23.Qxc4 Rxc4 24.Bd3 Rc8 25.Ra1 Nfd5 {Carlsen won a pawn and kept his pieces optimally placed. The rest is easy} 26.Nd2 f6 27.Bd6 Nb4 28.Bc4 Bd5 29.Bf1 Nba2 0-1

[Event "Chess.com International"]
[Site "Isle of Man"]
[Date "2017.09.29"]
[Round "7.2"]
[White "Caruana, Fabiano"]
[Black "Jones, Gawain C"]
[Result "1-0"]
[WhiteElo "2799"]
[BlackElo "2668"]
[EventDate "2017.??.??"]
[Annotator "Bojkov,Dejan"]
[PlyCount "63"]
[Beauty "8248484744246"]
[EventType "schev"]
[EventRounds "2"]
[EventCountry "IOM"]
[WhiteClock "0:44:17"]
[BlackClock "0:12:23"]

1.e4 e5 2.Nf3 Nc6 3.Bb5 a6 4.Ba4 Nf6 5.O-O b5 6.Bb3 Bc5 {"I noticed that Gawain started to play this recently and decided to check my old notes." (Caruana) However, the Archangelsk might not have been such a wise choice as Caruana has played it successfully as both colors.} 7.c3 d6 8.a4 Rb8 9.d4 Bb6 10.a5 ( {Here is a recent example of Jones's play} 10.axb5 axb5 11.Qd3 Bd7 12.Be3 h6 13.dxe5 Nxe5 14.Nxe5 dxe5 15.Nd2 O-O 16.Rfe1 {1/2-1/2 (16) McShane,L (2644)-Jones,G (2660) Llandudno 2017} ) 10...Ba7 11.h3 O-O ( {White won a very one-sided game after} 11...h6 12.Be3 Ra8 13.dxe5 Nxe5 14.Nxe5 dxe5 15.Qxd8+ Kxd8 16.Bxa7 Rxa7 17.Bxf7 Nxe4 18.Bg6 {Caruana,F (2827) -Lagno,K (2530) Caleta 2017} ) 12.Be3 Ra8 13.Re1 h6 14.Nbd2 exd4 ( {Here a successful holding example for Black-} 14...Re8 15.Nf1 exd4 16.cxd4 Rxe4 17.Ng3 Re7 18.Qd2 Qf8 19.Rec1 Bd7 {and the game later ended in a draw, Karjakin, S (2786)-Caruana,F (2772) Loo 2013} ) 15.cxd4 Nb4 16.e5 $146 {Strictly speaking, a novelty. However, the American GM was well prepared for it. "Peter (Svidler) made a video on this line, but missed an important detail. I was very happy that he entered this line as it is extremely sharp." (Caruana)} ( {Caruana has checked this very recent game as well:} 16.d5 Bxe3 17.Rxe3 c5 18.dxc6 Nxc6 19.e5 Nxe5 20.Nxe5 dxe5 21.Rxe5 Ra7 {and Black had no problems at all, Grandelius,N (2644)-Jones,G (2660) Linares 2017} ) 16...Nfd5 ( {Weaker is:} 16...dxe5 17.dxe5 Nfd5 ( 17...Bxe3 18.exf6 Ba7 19.fxg7 {leaves the black king badly exposed.} ) 18.Bxa7 Rxa7 {When the rook on a7 is concern. For example:} 19.Ne4 Nf4 20.Qc1 $1 Nbd3 ( {Or} 20...Nfd3 21.Qe3 $1 Nxe1 22.Rxe1 Ra8 23.Nf6+ $1 {with decisive attack after} 23...gxf6 24.Qxh6 ) 21.Qe3 Nxe1 22.Nxe1 $1 {hitting both the rook on a7 and the knight.} ) 17.Ne4 Nxe3 ( {Maybe} 17...Bb7 {at once is better, although White can re-think and save his bishop} 18.Bd2 ) 18.Rxe3 Bb7 19.e6 $1 ( 19.Rc1 Rc8 20.e6 {is Svidler's move order.} ) 19...Nd5 {More or less forced.} ( {White's attacking possibilities are demonstrated after} 19...fxe6 20.Nfg5 $1 hxg5 ( {Or} 20...Bd5 21.Nxe6 Bxe6 22.Bxe6+ {with strong attack on the light squares.} ) 21.Bxe6+ Rf7 ( 21...Kh7 22.Qh5# ) 22.Qh5 {and White wins.} ) ( {On} 19...Bd5 {the same} 20.Neg5 $1 {is excellent for White, for example} 20...Qf6 ( 20...hxg5 21.e7 ) 21.Bxd5 Nxd5 22.exf7+ Rxf7 23.Re6 Qf5 24.g4 Qf4 25.Re4 Qf6 26.Nxf7 {and wins.} ) 20.exf7+ {"When I saw him hesitating I felt I might get my analysis at work. I understood that Black is trying to get into Svidler's analysis." (Caruana)} 20...Kh8 21.Re1 Rxf7 22.Rc1 Rc8 ( {Perhaps the lesser evil was} 22...Rf8 {although after} 23.g3 {with the idea Nf3-h4 White has strong attack on the light squares (Caruana)} ) 23.Nfg5 $1 {Practically closing the line.} 23...Rf5 $2 {"From here I was playing on my own."(Caruana) Not a bad place to start a game.. .} ( 23...hxg5 {is mate after} 24.Qh5+ Kg8 25.Nxg5 Qf6 26.Qh7+ Kf8 27.Qh8# ) ( {Svidler's recommendation ran} 23...Re7 24.Qg4 {And Caruana did not bluff. He had it all in his notebook. Now} 24...Qd7 {is spectacularly refuted by} ( {Caruana also revealed why he entered the whole thing. Svidler missed that} 24...Qe8 {pinning the rook, can be refuted by prophylactical-attacking} 25.Kh2 $3 {with the main point being} 25...Bxd4 ( {If} 25...Rd8 {the nice maneuver} 26.Qf5 g6 27.Qg4 $1 {lead to decisive attack as to} 27...hxg5 {both} 28.Bxd5 $1 ( {Or} 28.Qxg5 $1 {should win for White.} ) 28...Bxd5 29.Nf6 {leave the black king naked. You already noticed that in this line Black cannot capture on e1 with a check.} ) 26.Bxd5 Bxd5 27.Nxd6 {and White wins as there is no Re7xe1+} ) 25.Qxd7 Rxd7 26.Nxd6 $1 {winning at least the exchange-} 26...Rxd6 ( 26...cxd6 27.Rxc8+ Bxc8 28.Re8# ) 27.Nf7+ Kh7 28.Nxd6 cxd6 29.Rxc8 Bxc8 30.Bxd5 {and winning the game too.} ) 24.Ne6 {It is a forced win, the black pieces are too vulnerable.} 24...Qd7 ( {The winning motifs occur over and over again-} 24...Qh4 25.Qg4 Qxg4 26.hxg4 Rf7 27.Bxd5 Bxd5 28.Nxd6 {(Caruana)} ) 25.Qg4 Qf7 ( {Or} 25...Qxe6 26.Ng3 ) 26.Rxc7 $1 ( {Also good was} 26.Nxc7 $1 Rxc7 27.Rxc7 Qxc7 28.Qxf5 ) 26...Rxc7 27.Nxd6 {Again it is this squre, this knight and slightly different fork.} ( 27.Nxc7 {wins as well.} ) 27...Rxf2 {Here White spent some time and came up with deeply calculated line to wrap the game up.} ( {If} 27...Qf6 28.Nxf5 ) 28.Nxc7 {Refusing to take the queen with a check!} ( {Caruana was afraid of the alternative kngiht fork after} 28.Nxf7+ Rcxf7 29.Nd8 ( 29.Qg3 {is what he considered, but apparently the game continuation is neater.} ) 29...Rf1+ 30.Rxf1 Rxf1+ 31.Kxf1 Ne3+ {Still, White wins after} 32.Ke2 Nxg4 33.Nxb7 Nf6 34.Nc5 ) 28...Qf6 ( {Or} 28...Qxc7 29.Re8+ Kh7 30.Qe4+ g6 31.Kxf2 ) 29.Nxd5 Qxd4 ( {If} 29...Bxd5 30.Bxd5 Rf1+ 31.Rxf1 Bxd4+ 32.Kh2 Be5+ 33.g3 {"is the only winning move, but good enough" (Caruana)} ) 30.Qxd4 Bxd4 31.Re4 Ba7 32.Nb6 ( 32.Nb6 {Black resigned as he will be down a whole piece after} 32...Bxe4 33.Kxf2 ) 1-0

[Event "E World Cup"]
[Site "Tbilisi"]
[Date "2017.09.04"]
[Round "2.49"]
[White "Erdos, Viktor"]
[Black "Amin, Bassem"]
[Result "1/2-1/2"]
[WhiteElo "2619"]
[BlackElo "2699"]
[EventDate "2017.??.??"]
[Annotator "Bojkov,Dejan"]
[PlyCount "138"]
[Beauty "4673729737255"]
[EventType "schev"]
[EventRounds "3"]
[EventCountry "FID"]
[WhiteClock "0:04:04"]
[BlackClock "0:01:41"]

1.Nf3 Nf6 2.c4 g6 3.Nc3 Bg7 4.e4 d6 5.d4 O-O 6.Be2 e5 7.d5 a5 8.Bg5 h6 9.Be3 Ng4 10.Bd2 f5 11.h3 Nf6 12.exf5 gxf5 13.Qc1 f4 14.g3 e4 15.Nh4 e3 16.fxe3 fxg3 17.Ng6 Re8 18.Rg1 Bf5 19.Rxg3 Nbd7 20.Nf4 Nc5 21.Bf3 Kh8 22.Ke2 Nfd7 23.Qg1 Rg8 24.Bg4 Bxg4+ 25.Rxg4 Ne5 26.Ng6+ Nxg6 27.Rxg6 Nd7 28.Rg4 Ne5 29.Rf4 Qe8 30.Rh4 Bf8 31.Qf2 Qg6 32.e4 Nxc4 33.Rg4 Qh5 34.Qf6+ Bg7 35.Qh4 Qxh4 36.Rxh4 Nxd2 37.Kxd2 Raf8 38.Re1 Kh7 39.Rg4 h5 40.Rgg1 Rf2+ 41.Ne2 Rgf8 42.Rg3 h4 43.Rb3 R8f3 44.Rxf3 Rxf3 45.Ng1 Rg3 46.Rf1 Bxb2 47.Nf3 Bf6 48.Ke3 Rxh3 49.Kf4 Rg3 50.Nxh4 Bxh4 51.Rh1 Rg2 52.Rxh4+ Kg6 53.a4 Ra2 54.Rh1 Rxa4 55.Rc1 Rb4 56.Rxc7 a4 57.Rc8 Rb6 58.e5 Rb4+ 59.Ke3 dxe5 60.d6 Rd4 61.Ra8 b5 62.Ra5 Kf5 63.Rxb5 Rxd6 64.Ra5 Rd4 65.Ra8 Rh4 66.Rf8+ Ke6 67.Ra8 a3 $4 {A step away from qualifying for the next round Amin falls for a famous rook endgame trap. The only consolation for the Egyptian player is that the a young Vassily Smyslov also fell for the same trap once.} 68.Rxa3 $1 Rh3+ 69.Ke4 Rxa3 {Stalemate! [Dejan Bojkov]} 1/2-1/2

[Event "E World Cup"]
[Site "Tbilisi"]
[Date "2017.09.06"]
[Round "10.10"]
[White "Anand, Viswanathan"]
[Black "Kovalyov, Anton"]
[Result "0-1"]
[WhiteElo "2794"]
[BlackElo "2649"]
[EventDate "2017.??.??"]
[Annotator "Bojkov,Dejan"]
[PlyCount "85"]
[Beauty "7494046846504"]
[EventType "schev"]
[EventRounds "3"]
[EventCountry "FID"]
[WhiteClock "0:33:01"]
[BlackClock "0:35:53"]

1.e4 c5 2.Nf3 d6 3.d4 cxd4 4.Nxd4 Nf6 5.Nc3 a6 6.h3 e5 7.Nb3 Be6 8.Be3 {A surprise for Kovalyov.} ( {White players also try} 8.f4 {at once. Here is a recent example:} 8...g6 9.Be2 Nbd7 10.O-O Rc8 11.f5 {with double-edged play in Gharamian,T (2626)-Rodshtein,M (2698) Chartres 2017} ) 8...h5 {Played more or less instantly.} 9.Be2 Nbd7 10.O-O Rc8 11.Qd2 $146 {A novelty which will definitely attract followers. White's plan is Rf1-d1, Be2-f3, then somehow transfer the knigth from b3 to d5 (usually via c1-d3-b4.) Black is actively opposing it with queenside play.} ( {A predecessor saw Black suffering after:} 11.a4 Nb6 12.Nd2 d5 13.Bxb6 Qxb6 14.exd5 Nxd5 15.Nxd5 Bxd5 16.Bxh5 Qxb2 ( {However} 16...Be6 {seems like an important improvement.} ) 17.Nf3 {Yu,Y (2675)-Chu,W (2257) China 2013} ) 11...b5 12.Rfd1 Nb6 13.Bxb6 {It is all about the d5 square.} ( {The other way to play the position was} 13.Na5 Qc7 14.Bf3 {although Black looks OK after} 14...b4 ) 13...Qxb6 14.a4 {It is always useful to weaken the queenside before jumping on d5.} 14...b4 15.Nd5 {I strongly suspect that Anand was still in his home preparation.} 15...Nxd5 ( {In case of} 15...Bxd5 16.exd5 Ne4 17.Qe1 $1 {Is strong with the idea} 17...Rxc2 18.Nd4 $1 {at once.} ( {Or after the preliminary} 18.a5 Qa7 19.Nd4 $1 {In both cases White has huge initiative for a pawn.} ) ) 16.exd5 Bd7 {The best defense.} ( {Anand would have played similarly after} 16...Bf5 17.a5 Qb7 18.Qe3 $1 {For example} 18...Bxc2 ( 18...Rxc2 $2 {loses on the spot to} 19.Nd4 $1 ) ( 18...Be7 {is probably most stubborn, although White is clearly better after} 19.Qb6 ) 19.Rdc1 {Surprising as it may seem, Black is defensless. The pin along the c-file combined with the kingside fatigue leaves him no chances:} 19...Be7 ( 19...Bf5 20.Nd4 $1 Bd7 21.Nc6 $1 Bxc6 22.dxc6 Rxc6 23.Bf3 Rxc1+ 24.Rxc1 Qb8 25.Qb6 $1 {and White wins.} ) 20.Qb6 $1 Qxb6 21.axb6 O-O 22.Bxa6 {nd the bishop is gone.} ) 17.a5 Qb7 18.Qe3 $1 {Anand breaks open the queenside while Kovalyov is still unprepared.} 18...Be7 ( {There is no time for pawn munching-} 18...Rxc2 19.Qb6 ) 19.Qb6 Qxb6 20.axb6 Rb8 21.Rxa6 ( {Black seems to hold after} 21.Bxa6 Rxb6 22.Bd3 Rb8 23.Na5 Bd8 ) 21...Bd8 22.b7 Ke7 23.Nc5 $2 {"If this would work it would be the game of the year" (Kovalyov). Alas, it is not.} ( {Up to here Anand played a great game and now a simple solution like:} 23.Rda1 $1 Rxb7 24.Ra8 $5 {This seems a bit more precise than} ( {The immediate} 24.Ra7 Rc7 ) 24...Rc7 25.R1a7 Rf8 26.Na5 Rxa7 27.Nc6+ Bxc6 28.Rxa7+ Bd7 29.Bb5 {would have led to a position where Black is fighting for survival without even a hint of loss for White involved.} ) 23...dxc5 ( {Not much of a choice for Black as} 23...Bf5 24.Bd3 Bxd3 25.Nxd3 Rxb7 26.Ra4 {would be goodbye for the b4 pawn sooner or later.} ) 24.d6+ Kf6 {The king needs not to obstruct the rooks.} ( 24...Ke6 25.Bc4+ Kf5 26.Bd5 {would transpose to the game.} ) ( 24...Ke8 $2 {would lose to} 25.Bf3 {followed by Ra6-a1.} ) 25.Bf3 Kf5 $1 {Very strong. Kovalyov opens the road for his dark-squared bishop and threatens to shut the white bishop with e5-e4.} 26.Bd5 ( 26.Ra8 {is not fast enough due to} 26...Bf6 27.Rxb8 Rxb8 28.Ra1 e4 $1 ) 26...e4 ( 26...Bg5 $5 ) 27.Re1 ( {One additional point behind the e5-e4 advance is revealed in the line} 27.Ra8 Bf6 28.Rda1 Be5 29.Rxb8 Rxb8 30.Ra8 Bxd6 {Perhaps this is what Anand missed?!} ) 27...Bf6 ( {There was an alternative} 27...Re8 $5 28.Bxf7 Rxb7 29.Bxe8 Bxe8 {when Black is clearly better.} ) 28.Bxe4+ Kg5 29.Ra5 ( 29.h4+ $5 {was a chance intending} 29...Kxh4 ( {However the cool} 29...Kh6 {leaves Black in control.} ) 30.Ra5 Kg5 31.Rxc5+ Kh6 32.Ra1 ) 29...Bxb2 30.Rxc5+ Kf6 31.Re3 {Last chance-activity!} 31...g6 $1 {And again-very cool defense by Kovalyov. This move takes away the f5 square from the white bishop and safeguards the king.} ( 31...Rhe8 {would only help White. After} 32.Rc4 ( 32.Rf3+ Ke6 ) 32...Bc3 33.Rf3+ Ke6 34.Bf5+ Kd5 35.Rcxc3 bxc3 36.Bxd7 Re1+ 37.Kh2 Kxd6 38.Bc8 {White does not risk to lose.} ) ( {It is also inpractical to enter the complications after} 31...Bd4 32.Rf3+ Ke6 33.Rc4 Bc3 34.Bf5+ Kd5 35.Rcxc3 bxc3 36.Bxd7 Rxb7 37.Rd3+ {where White has reasonable chances to survive.} ) 32.Rf3+ Ke6 33.Rd3 Rhd8 34.Ra5 f5 {Black consolidated and is now converting the extra material.} 35.Bf3 Bc3 {This bishop is the star of Black's position. Defends the queenside, supports the potential passer on b4 and is always ready to come take the d6 pawn- what more do you need from a piece?} 36.h4 Kf6 ( 36...f4 {at once was also good.} ) 37.g3 ( 37.Ra8 Be5 {should not change much.} ) 37...f4 $1 {The fastest. Withouth the bishop Anand cannot defend his pawns.} 38.Be4 ( 38.gxf4 Bf5 {followed by Bf5xc2 would be curtains.} ) 38...Bf5 39.Bxf5 gxf5 40.Rb5 Ke6 41.Kf1 Rd7 42.gxf4 Rbxb7 43.Re3+ {A shocker for the former World Champion!} 0-1